书目信息 |
| 题名: |
建设工程法规
|
|
| 作者: | 陈辉华 , 王青娥 主编 | |
| 分册: | ||
| 出版信息: | 武汉 武汉大学出版社 2020.06 |
|
| 页数: | 197页 | |
| 开本: | 29cm | |
| 丛书名: | ||
| 单 册: | ||
| 中图分类: | D922.297.1 | |
| 科图分类: | ||
| 主题词: | 建筑法--中国--高等学校--教材 | |
| 电子资源: | ||
| ISBN: | 978-7-307-21416-3 | |
| 000 | 01075nam0 2200277 450 | |
| 001 | 0120203040180 | |
| 005 | 20201019155824.73 | |
| 010 | @a978-7-307-21416-3@dCNY36.00 | |
| 100 | @a20200717d2020 em y0chiy50 ea | |
| 101 | 0 | @achi |
| 102 | @aCN@b420000 | |
| 105 | @ay z 000yy | |
| 106 | @ar | |
| 200 | 1 | @a建设工程法规@9jian she gong cheng fa gui@b专著@f陈辉华,王青娥主编 |
| 205 | @a2版 | |
| 210 | @a武汉@c武汉大学出版社@d2020.06 | |
| 215 | @a197页@d29cm | |
| 300 | @a高等学校土木工程专业系列规划教材 | |
| 330 | @a本书系统介绍了我国建设工程法规的相关内容,包括建设工程从业资格法律制度、建设工程发包与承包法律制度、建设工程勘察设计法律制度、建设工程合同法律制度、建设工程施工管理法律制度、以及与建设工程相关的工程建设标准、环境保护、节约能源、工程担保、工程保险等法律制度等。 | |
| 333 | @a高校建筑专业师生,建筑法研究人员 | |
| 606 | 0 | @a建筑法@y中国@x高等学校@j教材 |
| 690 | @aD922.297.1@v5 | |
| 701 | 0 | @a陈辉华@9chen hui hua@4主编 |
| 701 | 0 | @a王青娥@9wang qing e@4主编 |
| 801 | 0 | @aCN@b人天书店@c20200717 |
| 905 | @b1292285-88@dD922.297.1@e2139=2@f4 | |
| 建设工程法规/陈辉华,王青娥主编.-2版.-武汉:武汉大学出版社,2020.06 |
| 197页;29cm |
| 高等学校土木工程专业系列规划教材.-使用对象:高校建筑专业师生,建筑法研究人员 |
| ISBN 978-7-307-21416-3:CNY36.00 |
| 本书系统介绍了我国建设工程法规的相关内容,包括建设工程从业资格法律制度、建设工程发包与承包法律制度、建设工程勘察设计法律制度、建设工程合同法律制度、建设工程施工管理法律制度、以及与建设工程相关的工程建设标准、环境保护、节约能源、工程担保、工程保险等法律制度等。 |
| ● |
| 相关链接 |
|
|
|
|
正题名:建设工程法规
索取号:D922.297.1/2139=2
 
预约/预借
| 序号 | 登录号 | 条形码 | 馆藏地/架位号 | 状态 | 备注 |
| 1 | 1292285 | 212922854 | 第一样本阅览室/ [索取号:D922.297.1/2139=2] | 在馆 | |
| 2 | 1292286 | 212922863 | 第一借阅区/ [索取号:D922.297.1/2139=2] | 在馆 | |
| 3 | 1292287 | 212922872 | 第一借阅区/ [索取号:D922.297.1/2139=2] | 在馆 | |
| 4 | 1292288 | 212922881 | 第一借阅区/ [索取号:D922.297.1/2139=2] | 在馆 |